000
00449nam a2200145Ia 4500
008
100204s9999 xx 000 0 und d
082
_b
6741
100
_a
कानिटकर माधव संपा.
245
_a
रसनारंजन
260
_b
"प्रपंच पंकाशन , पुणे"
_c
1980 3
300
_a
251
630
_a
रसनारंजन
730
_a
रसनारंजन
942
_c
BOOK
999
_c
451179
_d
451176